00287pab a2200121 454500008004000000100001800040245004100058260000900099300001300108362001100121650001300132773002000145180718b2007 xxu||||| |||| 00| 0 eng d aPrabhuram, B. aQualities of a good distance teacher c2007 ap.12-15. a12 Feb aTeachers aUniversity News